| 000 | 00393nam a2200157 a 4500 | ||
|---|---|---|---|
| 001 | 2308 | ||
| 003 | CDMR | ||
| 005 | 20131003130659.0 | ||
| 008 | 130130s1965||||||||||||||||||||||||||||d | ||
| 040 |
_aCDMR _bcat _cCDMR |
||
| 100 | 1 |
_aHankard, Maurice _91729 |
|
| 245 | 1 | 3 |
_aLa radio y la televisión en Europa _cMaurice Hankard |
| 260 |
_aQuito _c1965 _bCiespal |
||
| 300 | _a80 p. | ||
| 942 |
_cMON _2udc |
||
| 999 |
_c2308 _d2308 |
||